Economía política del desarrollo : (Registro nro. 8728)

Detalles MARC
000 -LEADER
fixed length control field 02007nam a2200253Ia 4500
003 - CONTROL NUMBER IDENTIFIER
control field OSt
005 - DATE AND TIME OF LATEST TRANSACTION
control field 20211103110826.0
008 - FIXED-LENGTH DATA ELEMENTS--GENERAL INFORMATION
fixed length control field 210310s1979 ck ad fr 000 0dspa d
040 ## - CATALOGING SOURCE
Original cataloging agency CO-JMCR
Transcribing agency CO-JMCR
041 0# - LANGUAGE CODE
Language code of text/sound track or separate title spa
082 04 - DEWEY DECIMAL CLASSIFICATION NUMBER
Classification number 338.98 /
Item number S572e
Edition number 23
100 1# - MAIN ENTRY--PERSONAL NAME
Personal name Sierra Castro, Enrique,
9 (RLIN) 18113
Relator term autor
245 10 - TITLE STATEMENT
Title Economía política del desarrollo :
Remainder of title ¿para quién producir? /
Statement of responsibility, etc. Enrique Sierra Castro
250 ## - EDITION STATEMENT
Edition statement Primera edición
260 ## - PUBLICATION, DISTRIBUTION, ETC.
Place of publication, distribution, etc. Bogotá :
Name of publisher, distributor, etc. Sociedad de Ediciones Internacionales,
Date of publication, distribution, etc. 1979
300 ## - PHYSICAL DESCRIPTION
Extent 491 páginas :
Other physical details ilustraciones y gráficas a blanco y negro ;
Dimensions 21 cm.
500 ## - GENERAL NOTE
General note Incluye datos biográficos del autor y notas a pie de página.
505 0# - FORMATTED CONTENTS NOTE
Formatted contents note Aspectos materiales de la economía -- Aspectos sociales e institucionales de la economía -- Aspectos teóricos de la economía -- Aspectos organizativos e instrumentales de los sistemas económicos mixtos -- Aspectos metodológicos de la economía -- Aspectos del desarrollo económico y social
520 3# - SUMMARY, ETC.
Summary, etc. -Este es un texto de introducción a la Economía, que a diferencia de los demás, va más allá de la simple preocupación por esclarecer los fundamentos teóricos propios de esta disciplina, para convertir la experiencia latinoamericana, su problemática económica y social. en objeto de aplicación de tales fundamentos. Es, además, una introducción a los principios de la política económica, pero también una reflexión sobre su significado ideológico, social y político en el contexto latinoamericano.<br/>Esta es, pues, una obra elaborada para comprometerse con el presente y el futuro de América Latina, para mostrar el escenario, los actores y las motivaciones de la política económica que deciden la suerte de los países, propósitos que el autor, lejos de rehuir, hace explícitos desde la misma presentación.
650 14 - SUBJECT ADDED ENTRY--TOPICAL TERM
Topical term or geographic name entry element Ciencias económicas.
9 (RLIN) 18115
650 24 - SUBJECT ADDED ENTRY--TOPICAL TERM
Topical term or geographic name entry element Política económica
9 (RLIN) 41395
651 #4 - SUBJECT ADDED ENTRY--GEOGRAPHIC NAME
Geographic name América Latina
General subdivision Política económica
9 (RLIN) 36232
942 ## - ADDED ENTRY ELEMENTS (KOHA)
Source of classification or shelving scheme Dewey Decimal Classification
Koha item type Books
Existencias
Withdrawn status Lost status Source of classification or shelving scheme Damaged status Not for loan Collection code Home library Current library Date acquired Source of acquisition Full call number Barcode Date last seen Copy number Koha item type
    Dewey Decimal Classification     Non-fiction Biblioteca Pública José María del Castillo y Rada Biblioteca Pública José María del Castillo y Rada 04/15/2018 Donación 338.98 / S572e 201811682 05/16/2024 Ej.1 Books